000 00383nam a2200157Ia 4500
008 210716s1992 xx 000 0 und d
041 _aeng
082 _a004 WESB
100 _aWest, Brian.
245 _aBasic computing principles.
250 _a2
260 _aNew Delhi
_bBPB Publications
_c1992
300 _a241
650 _aComputer Fundamentals
700 _aWest, Brian.
999 _c181865
_d181865